[Event "Vecindario Montalvo Memorial 17th"]
[Site "Vecindario"]
[Date "2025.04.18"]
[Round "7"]
[White "Schmitz, Manuela"]
[Black "Morell Rojas, Samuel"]
[Result "1-0"]
[WhiteElo "1815"]
[BlackElo "1652"]
[PlyCount "122"]
[EventDate "2025.04.12"]
[EventType "swiss"]
[EventRounds "9"]
[EventCountry "ESP"]
[SourceTitle "CB17_2025"]
[SourceDate "2025.04.23"]
[SourceVersion "1"]
[SourceVersionDate "2025.04.23"]
[SourceQuality "1"]

1. d4 d5 2. Nf3 Nf6 3. c4 e6 4. Bg5 Nbd7 5. e3 c6 6. Nc3 Qa5 7. Nd2 Bb4 8. Qc2 0-0 9. Be2 dxc4 10. Bxf6 Nxf6 11. Nxc4 Qc7 12. 0-0 Rd8 13. Ne5 c5 14. Nb5 Qb8 15. a3 Ba5 16. Qxc5 a6 17. Nc3 b5 18. Nc6 Qc7 19. Nxd8 Qxd8 20. Bf3 Rb8 21. Rac1 g6 22. Qg5 Bd7 23. b4 Bc7 24. Ne4 Nxe4 25. Qxd8+ Bxd8 26. Bxe4 a5 27. Rc2 Be7 28. Rc7 Rd8 29. bxa5 Bxa3 30. a6 Bd6 31. Rcc1 Bb8 32. Bc6 Kg7 33. Bxd7 Rxd7 34. Rc5 b4 35. Rb5 Bd6 36. Rb6 Be7 37. Rb7 Rxb7 38. axb7 Bd6 39. Rb1 Kf6 40. Rxb4 Bb8 41. Rc4 h5 42. Rc8 Bd6 43. b8Q Bxb8 44. Rxb8 h4 45. f3 g5 46. Kf2 Kf5 47. e4+ Kf6 48. Ke3 Ke7 49. g3 hxg3 50. hxg3 Kf6 51. g4 Ke7 52. d5 exd5 53. exd5 Kd6 54. Kd4 f6 55. Rb6+ Ke7 56. Kc5 Kf7 57. Kc6 Ke7 58. Kc7 Kf7 59. d6 Ke8 60. d7+ Kf7 61. d8Q Kg6 1-0

[Event "Vecindario Montalvo Memorial 17th"]
[Site "Vecindario"]
[Date "2025.04.15"]
[Round "4"]
[White "Trocoli Romero, Luis Dingyu"]
[Black "Schmitz, Manuela"]
[Result "1/2-1/2"]
[WhiteElo "1599"]
[BlackElo "1815"]
[PlyCount "77"]
[EventDate "2025.04.12"]
[EventType "swiss"]
[EventRounds "9"]
[EventCountry "ESP"]
[SourceTitle "CB17_2025"]
[SourceDate "2025.04.23"]
[SourceVersion "1"]
[SourceVersionDate "2025.04.23"]
[SourceQuality "1"]

1. d4 d5 2. Nf3 Nf6 3. c4 e6 4. g3 Be7 5. Bg2 0-0 6. 0-0 b6 7. Qc2 Bb7 8. Nc3 c5 9. Be3 Nbd7 10. Rfd1 Qc8 11. cxd5 Nxd5 12. Ng5 Bxg5 13. Bxg5 Nxc3 14. Qxc3 Bxg2 15. Kxg2 Qb7+ 16. f3 h6 17. Bf4 Rfd8 18. Rd2 g5 19. Be3 Nf6 20. Bf2 cxd4 21. Rxd4 Nd5 22. Qd2 Rd7 23. e4 Nf6 24. Rxd7 Qxd7 25. Qc3 Qe7 26. Bd4 Kg7 27. Rd1 Re8 28. f4 Kg6 29. Qf3 Rc8 30. f5+ Kg7 31. fxe6 fxe6 32. Rf1 Rf8 33. Be5 Kg6 34. Qd3 Rf7 35. Bd6 Qb7 36. Kg1 Kg7 37. Be5 Kg6 38. Bd6 Kg7 39. Be5 1/2-1/2

[Event "Bremen Silvester op"]
[Site "Bremen"]
[Date "2021.12.30"]
[Round "7"]
[White "Lutz, Ruben"]
[Black "Schmitz, Manuela"]
[Result "1-0"]
[WhiteElo "2120"]
[BlackElo "1915"]
[PlyCount "83"]
[EventDate "2021.12.21"]
[EventType "swiss"]
[EventRounds "7"]
[EventCountry "GER"]
[SourceTitle "CBM 205 Extra"]
[Source "ChessBase"]
[SourceDate "2022.01.31"]
[SourceVersion "1"]
[SourceVersionDate "2022.01.31"]
[SourceQuality "1"]

1. d4 d5 2. c4 e6 3. Nf3 c6 4. Qc2 Nf6 5. Bg5 Nbd7 6. e3 Bb4+ 7. Nbd2 0-0 8. cxd5 exd5 9. Bd3 h6 10. Bh4 Re8 11. 0-0 Bd6 12. Rab1 a5 13. Rfc1 Qc7 14. Bf5 Be7 15. Bg3 Qb6 16. h3 Nf8 17. Bd3 Be6 18. Ne5 Rec8 19. Nb3 a4 20. Nc5 Bxc5 21. dxc5 Qa5 22. Nf3 Re8 23. b4 axb3 24. axb3 Bd7 25. b4 Qd8 26. Nd4 Ne4 27. Bxe4 Rxe4 28. b5 Qf6 29. bxc6 Bxc6 30. Qb2 Qg6 31. Bd6 Ree8 32. Nxc6 bxc6 33. Qb7 Qf5 34. Qxc6 Ra2 35. Bg3 Qe4 36. Qd6 Re6 37. Qf4 Qg6 38. Rb8 f6 39. Qd4 Rc2 40. Rxc2 Qxc2 41. Qxd5 Kf7 42. Rxf8+ 1-0

[Event "Rottach Egern Seniors Cup 9th"]
[Site "Rottach Egern"]
[Date "2021.10.26"]
[Round "5"]
[White "Schmitz, Manuela"]
[Black "Schnell, Franz"]
[Result "1-0"]
[WhiteElo "1936"]
[BlackElo "1737"]
[PlyCount "81"]
[EventDate "2021.10.22"]
[EventType "swiss"]
[EventRounds "7"]
[EventCountry "GER"]
[SourceTitle "CBM 204 Extra"]
[Source "ChessBase"]
[SourceDate "2021.11.30"]
[SourceVersion "1"]
[SourceVersionDate "2021.11.30"]
[SourceQuality "1"]

1. d4 d5 2. Nf3 Bf5 3. e3 e6 4. c4 Nf6 5. Nc3 c6 6. Be2 Be7 7. 0-0 0-0 8. Nh4 Bg6 9. Nxg6 hxg6 10. Qc2 dxc4 11. Bxc4 Nbd7 12. Rd1 Qc7 13. Be2 Rac8 14. Bd2 e5 15. Rac1 Bd6 16. h3 exd4 17. exd4 Rfe8 18. Bf3 Nb6 19. Qd3 Qd7 20. Be3 Bb8 21. b3 Qd6 22. g3 Nh5 23. Ne4 Rxe4 24. Qxe4 Nxg3 25. fxg3 Qxg3+ 26. Bg2 Qh2+ 27. Kf1 Rd8 28. Qh4 Re8 29. Bg1 Qd6 30. Re1 Rd8 31. Bh2 Qf8 32. Bxb8 Rxb8 33. Re2 Qa3 34. Rce1 Qa6 35. Kg1 Rf8 36. Qe7 Rc8 37. Qd6 Qd3 38. Re8+ Rxe8 39. Rxe8+ Kh7 40. Qf4 Qd1+ 41. Kh2 1-0

[Event "Rottach Egern Seniors Cup 9th"]
[Site "Rottach Egern"]
[Date "2021.10.24"]
[Round "3"]
[White "Schmitz, Manuela"]
[Black "Wenske, Hardy"]
[Result "1/2-1/2"]
[WhiteElo "1936"]
[BlackElo "1733"]
[PlyCount "75"]
[EventDate "2021.10.22"]
[EventType "swiss"]
[EventRounds "7"]
[EventCountry "GER"]
[SourceTitle "CBM 204 Extra"]
[Source "ChessBase"]
[SourceDate "2021.11.30"]
[SourceVersion "1"]
[SourceVersionDate "2021.11.30"]
[SourceQuality "1"]

1. d4 d5 2. Nf3 Nf6 3. c4 c6 4. e3 a6 5. Nc3 b5 6. cxd5 cxd5 7. Bd3 Bb7 8. 0-0 e6 9. Bd2 Nbd7 10. Rc1 Bd6 11. Ne2 0-0 12. Ng3 Rc8 13. Rxc8 Qxc8 14. Qb1 Bxg3 15. hxg3 Ne4 16. Bb4 Re8 17. Rc1 Qb8 18. Ba5 Rc8 19. Rc2 h6 20. Qc1 Rxc2 21. Qxc2 Qc8 22. Bc7 Ndf6 23. Ne1 Ne8 24. Ba5 Qxc2 25. Bxc2 N8f6 26. Nd3 Nd7 27. Be1 Nb8 28. f3 Nd6 29. b3 Nc6 30. Kf2 f6 31. Nc5 Bc8 32. Bc3 b4 33. Bb2 a5 34. e4 f5 35. exd5 exd5 36. Ke3 g5 37. Bd3 Kf7 38. Na4 1/2-1/2

[Event "Wohlen op 1st"]
[Site "Wohlen"]
[Date "2020.08.23"]
[Round "5"]
[White "Schmitz, Manuela"]
[Black "Cakic, Igor"]
[Result "0-1"]
[WhiteElo "1943"]
[BlackElo "1702"]
[PlyCount "82"]
[EventDate "2020.08.21"]
[EventType "swiss"]
[EventRounds "5"]
[EventCountry "SUI"]
[SourceTitle "CBM 198 Extra"]
[Source "ChessBase"]
[SourceDate "2020.11.30"]
[SourceVersion "1"]
[SourceVersionDate "2020.11.30"]
[SourceQuality "1"]

1. d4 Nf6 2. Nf3 g6 3. c4 Bg7 4. Nc3 0-0 5. e4 d6 6. Be2 e5 7. Be3 Ng4 8. Bg5 f6 9. Bc1 Nc6 10. dxe5 fxe5 11. Bg5 Nf6 12. Qd2 Be6 13. h3 Qd7 14. g4 Nd4 15. Nh4 Qf7 16. b3 c6 17. 0-0 d5 18. cxd5 cxd5 19. Bd3 dxe4 20. Nxe4 Nxe4 21. Bxe4 Bd5 22. f3 Qe6 23. Qe3 Rae8 24. Rad1 Bxe4 25. fxe4 Rxf1+ 26. Rxf1 Rf8 27. Rxf8+ Bxf8 28. Nf3 Bc5 29. Kg2 b5 30. Qc3 Nxf3 31. Qxf3 Be7 32. Qe3 Bxg5 33. Qxg5 Qd6 34. Qe3 a6 35. Qc3 Kg7 36. b4 Kf6 37. Kf2 Qd4+ 38. Qxd4 exd4 39. Ke2 Ke5 40. Kd3 g5 41. a3 h6 0-1

[Event "Wohlen op 1st"]
[Site "Wohlen"]
[Date "2020.08.22"]
[Round "3"]
[White "Schmitz, Manuela"]
[Black "Milovanovic, Milos"]
[Result "1/2-1/2"]
[WhiteElo "1943"]
[BlackElo "1967"]
[PlyCount "126"]
[EventDate "2020.08.21"]
[EventType "swiss"]
[EventRounds "5"]
[EventCountry "SUI"]
[SourceTitle "CBM 198 Extra"]
[Source "ChessBase"]
[SourceDate "2020.11.30"]
[SourceVersion "1"]
[SourceVersionDate "2020.11.30"]
[SourceQuality "1"]

1. d4 d5 2. Nf3 Nf6 3. c4 c6 4. Nc3 e6 5. e3 Nbd7 6. Qc2 Bd6 7. b3 0-0 8. Bb2 Re8 9. Rc1 a6 10. h3 e5 11. dxe5 Nxe5 12. cxd5 Nxf3+ 13. gxf3 cxd5 14. Ne2 Bb4+ 15. Bc3 Qa5 16. Bxb4 Qxb4+ 17. Qd2 Qh4 18. Qd4 Qh5 19. Nf4 Qe5 20. Qxe5 Rxe5 21. Bd3 Bd7 22. Ke2 g6 23. Rc5 Bc6 24. Rg1 Nd7 25. Rc2 Nf8 26. h4 Ne6 27. Nxe6 fxe6 28. Rg4 a5 29. a3 Rh5 30. Rc1 e5 31. Rh1 Rc8 32. Rg5 Rxg5 33. hxg5 Bd7 34. Kd2 Rf8 35. Ke2 Bf5 36. Rd1 Bh3 37. Rg1 Bf5 38. e4 Be6 39. exd5 Bxd5 40. Be4 Bxb3 41. Bxb7 Rb8 42. Ba6 Bd5 43. Rd1 Rb2+ 44. Ke3 Rb3+ 45. Rd3 a4 46. Rxb3 axb3 47. Bd3 Kf7 48. Kd2 Ke7 49. Be4 Be6 50. Kc3 Kd6 51. Kb4 Kc7 52. Kc3 Kb6 53. Kb4 Bg8 54. a4 Be6 55. Kc3 Ka5 56. Bc6 Bf7 57. Bb5 Bd5 58. Bd7 Kb6 59. Bb5 Kc5 60. Be2 Bf7 61. Bd1 b2 62. Kxb2 Kb4 63. Bc2 Be6 1/2-1/2

[Event "Ferreira do Alentejo 2nd"]
[Site "Ferreira do Alentejo"]
[Date "2019.12.19"]
[Round "5"]
[White "Ramos, Alvaro Manuel Nobre"]
[Black "Schmitz, Manuela"]
[Result "0-1"]
[WhiteElo "1868"]
[BlackElo "1914"]
[PlyCount "59"]
[EventDate "2019.12.17"]
[EventType "swiss"]
[EventRounds "9"]
[EventCountry "POR"]
[SourceTitle "CBM 193 Extra"]
[Source "ChessBase"]
[SourceDate "2020.01.31"]
[SourceVersion "1"]
[SourceVersionDate "2020.01.31"]
[SourceQuality "1"]

1. e4 e6 2. d4 d5 3. Nd2 Nf6 4. e5 Nfd7 5. Ngf3 c5 6. c3 Nc6 7. Bd3 g6 8. 0-0 Bg7 9. Re1 0-0 10. Bb1 cxd4 11. cxd4 f6 12. exf6 Qxf6 13. Nb3 a5 14. a4 b6 15. h4 Bb7 16. Bd2 e5 17. Bg5 Qf7 18. Be3 e4 19. Ng5 Qe7 20. f3 h6 21. fxe4 hxg5 22. Bxg5 Qf7 23. exd5 Qf2+ 24. Kh1 Nxd4 25. Nxd4 Bxd4 26. Bxg6 Bxd5 27. Qg4 Ne5 28. Rxe5 Bxe5 29. Bd3 Qg3 30. Kg1 0-1

[Event "Wiesbaden op 31st"]
[Site "Wiesbaden"]
[Date "2019.08.24"]
[Round "4"]
[White "Schmitz, Manuela"]
[Black "Viol, Julius"]
[Result "1/2-1/2"]
[WhiteElo "1940"]
[BlackElo "1709"]
[PlyCount "76"]
[EventDate "2019.08.22"]
[EventType "swiss"]
[EventRounds "7"]
[EventCountry "GER"]
[SourceTitle "EXT 2020"]
[Source "ChessBase"]
[SourceDate "2019.10.17"]
[SourceVersion "1"]
[SourceVersionDate "2019.10.17"]
[SourceQuality "1"]

1. d4 Nf6 2. Nf3 e6 3. c4 b6 4. e3 Bb7 5. Bd3 d5 6. 0-0 Bd6 7. Nc3 Nbd7 8. b3 0-0 9. Bb2 a6 10. Rc1 Qe7 11. Qe2 dxc4 12. Bxc4 c5 13. Rfd1 b5 14. Bd3 cxd4 15. Nxd4 Ne5 16. Bb1 Rac8 17. h3 Ng6 18. Nf3 Rfd8 19. Nd2 Ba3 20. Nde4 Bxb2 21. Qxb2 Rxd1+ 22. Rxd1 Rd8 23. Qe2 Nd5 24. Nxd5 Rxd5 25. Rxd5 Bxd5 26. Qc2 Nf8 27. Nc5 Qd6 28. b4 f5 29. Qd2 Qc6 30. f3 a5 31. a3 axb4 32. axb4 Bc4 33. e4 fxe4 34. Bxe4 Bd5 35. Bc2 Qa8 36. Kh2 Qb8+ 37. Kg1 Qa8 38. Kh2 Qb8+ 1/2-1/2

[Event "Dublin Irish op"]
[Site "Dublin"]
[Date "2019.04.22"]
[Round "9"]
[White "Schmitz, Manuela"]
[Black "Moran, Darragh"]
[Result "0-1"]
[WhiteElo "1968"]
[BlackElo "1844"]
[PlyCount "86"]
[EventDate "2019.04.17"]
[EventType "swiss"]
[EventRounds "9"]
[EventCountry "IRL"]
[SourceTitle "CBM 189 Extra"]
[Source "ChessBase"]
[SourceDate "2019.05.31"]
[SourceVersion "1"]
[SourceVersionDate "2019.05.31"]
[SourceQuality "1"]

1. d4 Nf6 2. Nf3 g6 3. c4 c5 4. e3 Bg7 5. Nc3 cxd4 6. exd4 0-0 7. Be2 d5 8. 0-0 dxc4 9. Bxc4 Nc6 10. h3 Bf5 11. a3 Rc8 12. Be3 Ne4 13. Rc1 Nxc3 14. Rxc3 Na5 15. Bd3 Rxc3 16. bxc3 Bxd3 17. Qxd3 Qc7 18. Nd2 Rc8 19. Rc1 Nc4 20. Nxc4 Qxc4 21. Qe4 Rc7 22. Bf4 Rd7 23. Rb1 f5 24. Qf3 b6 25. Rb4 Qd5 26. Qxd5+ Rxd5 27. Ra4 a5 28. Be3 Kf7 29. c4 Rxd4 30. Bxd4 Bxd4 31. c5 Bxc5 32. Kf1 e5 33. Ke2 Ke6 34. f3 Kd5 35. Kd3 h5 36. Kc3 e4 37. fxe4+ fxe4 38. Kd2 g5 39. Ke2 Ke5 40. g3 Kd5 41. Kf1 Bd6 42. g4 hxg4 43. hxg4 Bc7 0-1

[Event "Dublin Irish op"]
[Site "Dublin"]
[Date "2019.04.21"]
[Round "7"]
[White "Daly, Colm"]
[Black "Schmitz, Manuela"]
[Result "1-0"]
[WhiteElo "2278"]
[BlackElo "1968"]
[PlyCount "69"]
[EventDate "2019.04.17"]
[EventType "swiss"]
[EventRounds "9"]
[EventCountry "IRL"]
[SourceTitle "CBM 189 Extra"]
[Source "ChessBase"]
[SourceDate "2019.05.31"]
[SourceVersion "1"]
[SourceVersionDate "2019.05.31"]
[SourceQuality "1"]

1. e4 e6 2. d4 d5 3. Nc3 Bb4 4. e5 c5 5. a3 Bxc3+ 6. bxc3 Qc7 7. Nf3 Bd7 8. a4 Ne7 9. h4 Nbc6 10. h5 h6 11. Bd2 0-0-0 12. Bb5 c4 13. 0-0 g5 14. Nh2 f5 15. exf6 Ng8 16. Ng4 Rf8 17. Bxc6 Bxc6 18. f4 Nxf6 19. Nxf6 Rxf6 20. Qg4 gxf4 21. Bxf4 Qe7 22. Be5 Rxf1+ 23. Rxf1 Re8 24. a5 Ba4 25. Qg6 Qg5 26. Qxg5 hxg5 27. Rf7 Bxc2 28. Rc7+ Kd8 29. Rxb7 Re7 30. a6 Ke8 31. Kh2 g4 32. Kg3 Bf5 33. Kh4 Kf7 34. g3 Ke8 35. Kg5 1-0

[Event "Dublin Irish op"]
[Site "Dublin"]
[Date "2019.04.20"]
[Round "5"]
[White "Lundback, Anders"]
[Black "Schmitz, Manuela"]
[Result "1/2-1/2"]
[WhiteElo "1806"]
[BlackElo "1968"]
[PlyCount "61"]
[EventDate "2019.04.17"]
[EventType "swiss"]
[EventRounds "9"]
[EventCountry "IRL"]
[SourceTitle "CBM 189 Extra"]
[Source "ChessBase"]
[SourceDate "2019.05.31"]
[SourceVersion "1"]
[SourceVersionDate "2019.05.31"]
[SourceQuality "1"]

1. d4 d5 2. c4 e6 3. Nf3 c6 4. Nc3 Nf6 5. e3 Nbd7 6. Bd3 Bd6 7. 0-0 0-0 8. Re1 dxc4 9. Bxc4 e5 10. e4 Qe7 11. Bg5 Nb6 12. Bb3 Bg4 13. d5 Rac8 14. h3 Bxf3 15. Qxf3 Nbd7 16. Rac1 h6 17. Bh4 g5 18. Bg3 Nc5 19. dxc6 bxc6 20. Bc4 Ne6 21. Bxe6 Qxe6 22. Nd1 Bb4 23. Re2 Rfd8 24. Ne3 Bd2 25. Rf1 Rd3 26. Qf5 Bxe3 27. fxe3 Qxf5 28. Rxf5 Nxe4 29. Bxe5 Rd1+ 30. Rf1 Rd5 31. Bh2 1/2-1/2

[Event "Dublin Irish op"]
[Site "Dublin"]
[Date "2019.04.19"]
[Round "4"]
[White "Schmitz, Manuela"]
[Black "Pulkkinen, Kari"]
[Result "0-1"]
[WhiteElo "1968"]
[BlackElo "2265"]
[PlyCount "88"]
[EventDate "2019.04.17"]
[EventType "swiss"]
[EventRounds "9"]
[EventCountry "IRL"]
[SourceTitle "CBM 189 Extra"]
[Source "ChessBase"]
[SourceDate "2019.05.31"]
[SourceVersion "1"]
[SourceVersionDate "2019.05.31"]
[SourceQuality "1"]

1. d4 Nf6 2. Nf3 g6 3. c4 c5 4. e3 Bg7 5. Be2 0-0 6. 0-0 cxd4 7. exd4 d5 8. Nc3 Nc6 9. h3 Bf5 10. Be3 dxc4 11. Bxc4 Rc8 12. Rc1 Nb4 13. Be2 Nbd5 14. Nxd5 Nxd5 15. Qb3 Nxe3 16. fxe3 Bh6 17. a3 Qb6 18. Qxb6 Bxe3+ 19. Kh1 axb6 20. Rc4 Rxc4 21. Bxc4 Rc8 22. b3 b5 23. Bxb5 Be6 24. Re1 Bf4 25. Ba4 Rc3 26. Ne5 Bxb3 27. Bxb3 Rxb3 28. Rf1 Bxe5 29. dxe5 Rxa3 30. Rb1 Re3 31. Rb5 e6 32. Kg1 Rd3 33. Kf2 Rd5 34. Rxb7 Rxe5 35. Ra7 h5 36. Kf3 Kg7 37. Rb7 Kf6 38. Rb4 Rc5 39. h4 Rc3+ 40. Kf2 Kf5 41. g3 e5 42. Rb5 f6 43. Ra5 Rd3 44. Rb5 Kg4 0-1

[Event "Dublin Irish op"]
[Site "Dublin"]
[Date "2019.04.17"]
[Round "1"]
[White "Dimitrov, Nikolai"]
[Black "Schmitz, Manuela"]
[Result "0-1"]
[WhiteElo "1411"]
[BlackElo "1968"]
[PlyCount "96"]
[EventDate "2019.04.17"]
[EventType "swiss"]
[EventRounds "9"]
[EventCountry "IRL"]
[SourceTitle "CBM 189 Extra"]
[Source "ChessBase"]
[SourceDate "2019.05.31"]
[SourceVersion "1"]
[SourceVersionDate "2019.05.31"]
[SourceQuality "1"]

1. c4 e6 2. Nf3 Nf6 3. Nc3 d5 4. cxd5 exd5 5. e3 c6 6. d4 Bf5 7. Bd3 Bxd3 8. Qxd3 Nbd7 9. 0-0 Be7 10. Re1 0-0 11. e4 dxe4 12. Nxe4 Bb4 13. Re2 Nxe4 14. Rxe4 Nc5 15. Qc4 Nxe4 16. Qxb4 Qb6 17. Qc4 Nd6 18. Qc2 Rfe8 19. Be3 Qb5 20. Ng5 Qf5 21. Qb3 h6 22. Nf3 Qd5 23. Qc2 Nc4 24. Bf4 Re4 25. Bg3 Rae8 26. h3 Re2 27. Qa4 a5 28. b3 Nb2 29. Qa3 Nd3 30. Qa4 Ra8 31. Rb1 b5 32. Qa3 b4 33. Qa4 Nb2 34. Rxb2 Rxb2 35. Bc7 f6 36. Bb6 Rc2 37. a3 Ra2 38. Bxa5 Rxa5 39. Qxb4 R2xa3 40. Qc3 Ra1+ 41. Kh2 Qd6+ 42. g3 Qd5 43. Qe3 Rb1 44. g4 Rxb3 45. Qe7 Rxf3 46. Qb7 Rxf2+ 47. Kg3 Rf3+ 48. Kh4 Qg5# 0-1

[Event "Mittelrhein Verbandsliga-N 18/19"]
[Site "Nordrheinwestfalen"]
[Date "2018.09.30"]
[Round "2.3"]
[White "Vogel, Ulrich"]
[Black "Schmitz, Manuela"]
[Result "1-0"]
[WhiteElo "2065"]
[BlackElo "1946"]
[PlyCount "111"]
[EventDate "2018.09.02"]
[EventType "team-tourn"]
[EventRounds "12"]
[EventCountry "GER"]
[SourceTitle "EXT 2022"]
[Source "ChessBase"]
[SourceDate "2021.10.06"]
[SourceVersion "1"]
[SourceVersionDate "2021.10.06"]
[SourceQuality "1"]
[WhiteTeam "Kalker/Deutzer SG"]
[BlackTeam "Eikamp ISVFB"]
[WhiteTeamCountry "GER"]
[BlackTeamCountry "GER"]

1. d4 d5 2. Bf4 Nf6 3. e3 e6 4. Nd2 c5 5. c3 Nc6 6. Ngf3 Be7 7. Ne5 Qb6 8. Rb1 0-0 9. Bd3 Bd7 10. Qf3 Rad8 11. Qh3 cxd4 12. exd4 Nb8 13. Bg5 h6 14. Ndf3 Bb5 15. Bc2 Nbd7 16. Ng4 e5 17. Bxh6 e4 18. Bg5 Rfe8 19. Bxf6 Bxf6 20. Nxf6+ Qxf6 21. Nd2 g6 22. Qe3 Bd3 23. Rc1 Qh4 24. Nf1 Nb6 25. Bb3 f5 26. Qg3 Qh6 27. Ne3 f4 28. Ng4 fxg3 29. Nxh6+ Kg7 30. Ng4 gxf2+ 31. Kxf2 Rf8+ 32. Kg3 Rf5 33. Ne3 Rf7 34. Rhe1 Rf6 35. Rcd1 Rf7 36. Rd2 Rdd7 37. Rf2 Rxf2 38. Kxf2 Rf7+ 39. Kg3 Rd7 40. Rd1 a5 41. a4 Rd6 42. Rd2 Kf7 43. Rf2+ Ke7 44. h4 Ba6 45. Kg4 Bd3 46. Kg5 Ba6 47. g4 Bd3 48. h5 gxh5 49. gxh5 Rd8 50. Rf6 Nc4 51. Bxc4 Bxc4 52. Nf5+ Ke8 53. h6 Rd7 54. Ng7+ Kd8 55. Ne6+ Ke7 56. h7 1-0

[Event "Sao Martinho do Porto op 1st"]
[Site "Sao Martinho do Porto"]
[Date "2018.09.21"]
[Round "9"]
[White "Schmitz, Manuela"]
[Black "Van Riemsdijk, Herman Claudius"]
[Result "1/2-1/2"]
[WhiteElo "1931"]
[BlackElo "2270"]
[PlyCount "30"]
[EventDate "2018.09.15"]
[EventType "swiss"]
[EventRounds "9"]
[EventCountry "POR"]
[SourceTitle "CBM 186 Extra"]
[Source "ChessBase"]
[SourceDate "2018.08.24"]
[SourceVersion "1"]
[SourceVersionDate "2018.08.24"]
[SourceQuality "1"]

1. d4 Nf6 2. Nf3 c5 3. e3 g6 4. c4 Bg7 5. Be2 0-0 6. 0-0 cxd4 7. Nxd4 Nc6 8. Nc3 d6 9. Bf3 Bd7 10. Nxc6 Bxc6 11. e4 Nd7 12. Be3 Qa5 13. Bd4 Qb4 14. Bxg7 Kxg7 15. Qd4+ Ne5 1/2-1/2

[Event "Sao Martinho do Porto op 1st"]
[Site "Sao Martinho do Porto"]
[Date "2018.09.20"]
[Round "8"]
[White "Gruettner, Ralf"]
[Black "Schmitz, Manuela"]
[Result "1/2-1/2"]
[WhiteElo "2133"]
[BlackElo "1931"]
[PlyCount "93"]
[EventDate "2018.09.15"]
[EventType "swiss"]
[EventRounds "9"]
[EventCountry "POR"]
[SourceTitle "CBM 186 Extra"]
[Source "ChessBase"]
[SourceDate "2018.08.24"]
[SourceVersion "1"]
[SourceVersionDate "2018.08.24"]
[SourceQuality "1"]

1. e4 e6 2. d4 d5 3. Nd2 Nf6 4. e5 Nfd7 5. Bd3 c5 6. c3 Nc6 7. Ngf3 cxd4 8. cxd4 g6 9. 0-0 Bg7 10. h4 Qb6 11. Nb3 a5 12. a4 Nb4 13. Bb1 Qc7 14. Re1 b6 15. Bd2 Bf8 16. Nc1 Ba6 17. Ng5 Nb8 18. Qf3 Qe7 19. Nd3 N8c6 20. Nxb4 axb4 21. Qg4 0-0-0 22. Re3 Rd7 23. Bd3 Bxd3 24. Rxd3 h6 25. Nf3 Kb7 26. Rc1 Bg7 27. Qf4 Rc8 28. Qe3 Rdc7 29. Qe1 Bf8 30. Be3 Na5 31. Rxc7+ Rxc7 32. Rd1 Qd7 33. Rc1 Nb3 34. Rxc7+ Qxc7 35. Nd2 Nxd2 36. Qxd2 h5 37. b3 Be7 38. g3 Qd7 39. Qd3 Bf8 40. Qb5 Qxb5 41. axb5 Kc7 42. Kg2 Kd7 43. Kf3 Bg7 44. Bg5 Bf8 45. g4 Bg7 46. gxh5 gxh5 47. Kf4 1/2-1/2

[Event "Sao Martinho do Porto op 1st"]
[Site "Sao Martinho do Porto"]
[Date "2018.09.19"]
[Round "7"]
[White "Schmitz, Manuela"]
[Black "Schmitz, Andreas Arnold"]
[Result "1/2-1/2"]
[WhiteElo "1931"]
[BlackElo "2008"]
[PlyCount "22"]
[EventDate "2018.09.15"]
[EventType "swiss"]
[EventRounds "9"]
[EventCountry "POR"]
[SourceTitle "CBM 186 Extra"]
[Source "ChessBase"]
[SourceDate "2018.08.24"]
[SourceVersion "1"]
[SourceVersionDate "2018.08.24"]
[SourceQuality "1"]

1. d4 d5 2. Nf3 Nf6 3. Bf4 e6 4. e3 Bd6 5. Bxd6 Qxd6 6. c3 0-0 7. Bd3 b6 8. 0-0 c5 9. Nbd2 cxd4 10. exd4 Ba6 11. Bxa6 Nxa6 1/2-1/2

[Event "Sao Martinho do Porto op 1st"]
[Site "Sao Martinho do Porto"]
[Date "2018.09.16"]
[Round "3"]
[White "Schmitz, Manuela"]
[Black "Fernandes, Ricardo Paulos"]
[Result "0-1"]
[WhiteElo "1931"]
[BlackElo "2160"]
[PlyCount "70"]
[EventDate "2018.09.15"]
[EventType "swiss"]
[EventRounds "9"]
[EventCountry "POR"]
[SourceTitle "CBM 186 Extra"]
[Source "ChessBase"]
[SourceDate "2018.08.24"]
[SourceVersion "1"]
[SourceVersionDate "2018.08.24"]
[SourceQuality "1"]

1. d4 Nf6 2. Nf3 g6 3. c4 Bg7 4. Nc3 0-0 5. e4 d6 6. Be2 Nbd7 7. h3 e5 8. Be3 Re8 9. Qc2 exd4 10. Nxd4 Nc5 11. f3 Nh5 12. g4 Ng3 13. Rg1 Qh4 14. 0-0-0 f5 15. gxf5 gxf5 16. Bd3 f4 17. Bf2 Be5 18. Nb3 b6 19. Nd5 Ne6 20. Bf1 c5 21. Qd3 Kh8 22. Kb1 Rb8 23. Be1 Bd7 24. Bc3 Bc6 25. Rd2 Ng5 26. Nc7 Red8 27. Bg2 Rd7 28. Nd5 Ne6 29. Rgd1 a5 30. Na1 b5 31. cxb5 Bxb5 32. Qc2 Nd4 33. Bxd4 cxd4 34. Nb3 d3 35. Qc1 Ne2 0-1

[Event "Mittelrhein Verbandsliga-N 17/18"]
[Site "Nordrheinwestfalen"]
[Date "2017.09.10"]
[Round "1.4"]
[White "Hendrichs, Udo"]
[Black "Schmitz, Manuela"]
[Result "1/2-1/2"]
[WhiteElo "1875"]
[BlackElo "1896"]
[PlyCount "55"]
[EventDate "2017.09.10"]
[EventType "team-swiss"]
[EventRounds "11"]
[EventCountry "GER"]
[SourceTitle "EXT 2022"]
[Source "ChessBase"]
[SourceDate "2021.10.06"]
[SourceVersion "1"]
[SourceVersionDate "2021.10.06"]
[SourceQuality "1"]
[WhiteTeam "Langenfeld II"]
[BlackTeam "Eikamp Freibauer"]
[WhiteTeamCountry "GER"]
[BlackTeamCountry "GER"]

1. d4 d5 2. Nf3 Nf6 3. e3 Bg4 4. Be2 Nbd7 5. Nbd2 e6 6. 0-0 Bd6 7. b3 0-0 8. Bb2 c5 9. Ne5 Bxe2 10. Qxe2 cxd4 11. exd4 Rc8 12. c4 dxc4 13. Ndxc4 Be7 14. Rfd1 Nd5 15. Rac1 N7f6 16. h3 a6 17. Qf3 Bd6 18. g3 Qe7 19. Nxd6 Qxd6 20. Nc4 Qb8 21. Ba3 Rfd8 22. Ne5 Rxc1 23. Rxc1 Rc8 24. Rc4 Nb6 25. Rc3 Nbd5 26. Rc4 Nb6 27. Rc3 Nbd5 28. Rc4 1/2-1/2

[Event "SCO-ch 124th"]
[Site "Dundee"]
[Date "2017.07.17"]
[Round "3"]
[White "Schmitz, Manuela"]
[Black "Duke, Michael"]
[Result "1/2-1/2"]
[WhiteElo "1874"]
[BlackElo "2052"]
[PlyCount "86"]
[EventDate "2017.07.15"]
[EventType "swiss"]
[EventRounds "9"]
[EventCountry "SCO"]
[SourceTitle "CBM 179 Extra"]
[Source "ChessBase"]
[SourceDate "2017.08.23"]
[SourceVersion "1"]
[SourceVersionDate "2017.08.23"]
[SourceQuality "1"]

1. d4 d5 2. Nf3 Nf6 3. c4 c6 4. Nc3 e6 5. Bg5 dxc4 6. a4 Bb4 7. Qc2 b5 8. e4 Qb6 9. Be2 Nbd7 10. 0-0 Bb7 11. Be3 Ng4 12. Ng5 Nxe3 13. fxe3 0-0 14. e5 g6 15. Qe4 Be7 16. Qh4 Bxg5 17. Qxg5 c5 18. Nxb5 cxd4 19. Nxd4 Qc7 20. Bf3 Rab8 21. Rab1 Qxe5 22. Qh6 Qg7 23. Qh4 Ne5 24. Bxb7 Rxb7 25. Nb5 Rfb8 26. Rfd1 h5 27. Rd8+ Kh7 28. Rxb8 Rxb8 29. Qd4 a6 30. Nc7 Rb3 31. Ne8 Qh8 32. Qd8 Rd3 33. Nf6+ Kg7 34. Ne8+ Kh7 35. Nf6+ Kg7 36. Ne8+ Kh6 37. Qc8 Qf8 38. Qc7 Qxe8 39. Qxe5 Qxa4 40. Qh8+ Kg5 41. Qe5+ Kh6 42. Qh8+ Kg5 43. Qe5+ Kh6 1/2-1/2